Ακουστική διασκόπηση του μαλακού υποστρώματος στον κόλπο της Γέρας : πτυχιακή εργασία

Στην παρούσα εργασία μελετήθηκε η ιδιαίτερη μορφολογία του κόλπου της Γέρας που συνδέεται με την παρουσία υβωμάτων, τα οποία δομούνται από μαλακά λεπτόκοκκα ιζήματα και βενθικές συναθροίσεις και μελετήθηκαν μέσω γεωφυσικών δεδομένων, επιφανειακών δειγμάτων και βίντεο από υποβρύχια κάμερα. Από τη μελ...

Πλήρης περιγραφή

Αποθηκεύτηκε σε:
Λεπτομέρειες βιβλιογραφικής εγγραφής
Κύριος συγγραφέας: Μανούτσογλου, Ευαγγελία
Συγγραφή απο Οργανισμό/Αρχή: Πανεπιστήμιο Αιγαίου Σχολή Περιβάλλοντος Τμήμα Επιστημών της Θάλασσας
Μορφή: Thesis Βιβλίο
Γλώσσα:Greek
Δημοσίευση: 2014.
Θέματα:
Διαθέσιμο Online:http://hdl.handle.net/11610/7055
Ετικέτες: Προσθήκη ετικέτας
Δεν υπάρχουν, Καταχωρήστε ετικέτα πρώτοι!

MARC

LEADER 00000cam a2200000 a 4500
001 1/110087
008 160226s2014####gr a ||| |||| ||gre||
040 |a GR-MyUa  |b gre  |c GR-MyUa  |e AACR2 
041 0 |a gre 
082 7 |a 551.46   |2 (23)  
100 1 |a Μανούτσογλου, Ευαγγελία. 
245 1 0 |a Ακουστική διασκόπηση του μαλακού υποστρώματος στον κόλπο της Γέρας :   |b πτυχιακή εργασία /   |c Μανούτσογλου Ευαγγελία ; επιβλέπων: Χασιώτης Θωμάς.  
260 |c 2014.  
300 |a 62 σ. :   |b εικ. ;   |c 24 εκ.  
502 |a Πτυχιακή εργασία – Πανεπιστήμιο Αιγαίου, Λέσβος, 2014. 
504 |a Περιλαμβάνει βιβλιογραφία και παράρτημα.  
506 1 |a Ηλεκτρονική διάθεση στο πλήρες κείμενο – περιορισμένης πρόσβασης ;   |d Ελεύθερη διάθεση μόνο στα μέλη του Πανεπιστημίου Αιγαίου.  
520 8 |a Στην παρούσα εργασία μελετήθηκε η ιδιαίτερη μορφολογία του κόλπου της Γέρας που συνδέεται με την παρουσία υβωμάτων, τα οποία δομούνται από μαλακά λεπτόκοκκα ιζήματα και βενθικές συναθροίσεις και μελετήθηκαν μέσω γεωφυσικών δεδομένων, επιφανειακών δειγμάτων και βίντεο από υποβρύχια κάμερα. Από τη μελέτη του μωσαϊκού ηχογραφιών και σύμφωνα με την ποιοτική διακύμανση της ανακλαστικότητας ο πυθμένας διακρίθηκε σε πέντε τύπους, με τον τέταρτο να διακρίνεται σε πέντε υπο-τύπους λόγω του ιδιαίτερου ενδιαφέροντος που εμφανίζει, καθώς σε αυτόν παρατηρήθηκαν υβώματα ποικίλου μεγέθους, σχήματος, ύψους και πυκνότητας και με ένα συγκεκριμένο μοτίβο χωρικής κατανομής. Από τις κοκκομετρικές κατανομές παρατηρήθηκε η κυριαρχία αδρομερέστερων ιζημάτων περιμετρικά των ακτών του κόλπου και στην είσοδο του διαύλου, και λεπτομερέστερου υλικού στο εσωτερικό του, τα οποία συμφωνούν με τις οπτικές παρατηρήσεις (όπου διαπιστώθηκε και η παρουσία βενθικών συναθροίσεων στα υψηλής ανακλαστικότητας υβώματα) και όλα μαζί επιβεβαιώνουν τα γεωφυσικά δεδομένα. Οι τομογραφίες ανέδειξαν την ύπαρξη μιας παλαιο-επιφάνειας παλαιότερων θαμμένων υβωμάτων μεγαλύτερου αναγλύφου σε σχέση με τα σύγχρονα, ηχητικές ανωμαλίες που σχετίζονται μάλλον με αέριους υδρ/κες και πιθανόν δομών ασυνέχειας. Τα υβώματα στον κόλπο της Γέρας αποτελούν ιδιαίτερους μορφολογικούς σχηματισμούς που (i) σχηματίζονται στον κόλπο τα τελευταί ~6000, (ii) σύμφωνα με τη βιβλιογραφική έρευνα δεν έχουν παρατηρηθεί σε κάποιο αντίστοιχο περιβάλλον στον Ελληνικό αλλά και διεθνή χώρο και (iii) η δημιουργία τους φαίνεται να σχετίζεται κυρίως με την υδροδυναμική, την παρουσία αέριων υδρ/κων και την παροχή θρεπτικών από την περιβάλλουσα χέρσο. 
650 0 |a Underwater acoustics. 
650 0 |a Ocean bottom. 
650 0 |a Submarine geology. 
650 0 |a Submarine topography  |z Greece  |z Yera. 
700 1 |a Χασιώτης, Θωμάς,  |e dgs 
710 2 |a Πανεπιστήμιο Αιγαίου  |b Σχολή Περιβάλλοντος  |b Τμήμα Επιστημών της Θάλασσας. 
852 |a INST  |b LESVOS  |c DIATR  |e 20160226  |h 923  |p 005100057336  |q 005100057336  |t DIE  |y 23 
852 |a INST  |b LESVOS  |c DIATR  |e 20160226  |h 924  |p 005100057337  |q 005100057337  |t DIE  |y 23 
856 |u http://hdl.handle.net/11610/7055 
924 |a Μανούτσογλου   |b Ευαγγελία  |y Λέσβος  |z 2014-12 
970 |a Τζαφέρη  |b Ευαγγελία  |z 26-02-2016